Najbardziej dochodowe filmy Disneya - Statystyki

Ogólne statystyki
  • Ten quiz został rozwiązany 96 razy
  • Średni wynik to 3 z 10
Statystyki odpowiedzi
Nazwa filmu % Poprawnych
1,285 mld Kraina Lodu
68%
1,647 mld Król Lew
66%
1,331 mld Star Wars VIII: Ostatni Jedi /Star Wars
31%
2,064 mld Star Wars VII: Przebudzenie Mocy /Star Wars
31%
1,515 mld Avengers
20%
1,395 mld Avengers: Czas Ultrona /Avengers
20%
2,795 mld Avengers: Koniec Gry /Avengers
20%
1,453 mld Kraina Lodu 2
16%
2,048 mld Avengers: Wojna bez granic
3%
1,336 mld Czarna Pantera
1%
Nie znaleziono quizów pasujących do podanych kryteriów
Rozkład punktacji
Procent ludzi z każdym wynikiem
Percentyl według liczby udzielonych odpowiedzi
Twoja historia wyników
Nie rozwiązałeś tego quizu